Les réalisateurs des 30 meilleurs films (Click) - Statistiques

Statistiques générales
  • Ce quiz a été pris 186 fois
  • Le résultat moyen est 13 sur 30
Statistiques - réponses
Hint Réponse % Correct
"Titanic" James Cameron
82%
"Star Wars - Épisode III : La Revanche des Sith" George Lucas
71%
"Million Dollar Baby" Clint Eastwood
70%
"Fight Club" David Fincher
70%
"Jurassic Park" Steven Spielberg
70%
"Le Seigneur des anneaux : La Communauté de l'anneau" Peter Jackson
66%
"Gladiator" Ridley Scott
65%
"Seven" David Fincher
64%
"La Vie est belle" Roberto Benigni
60%
"Mulholland Drive" David Lynch
58%
"Le Prestige" Christopher Nolan
53%
"Kill Bill - Volume 1" Quentin Tarentino
47%
"Old Boy" Park Chan-Wook
46%
"Black Swan" Darren Aronofsky
43%
"Irréversible" Gaspar Noé
42%
"Snowpiercer - Le Transperceneige" Bong Joon-Ho
41%
"Requiem for a Dream" Darren Aronofsky
41%
"La Ligne verte" Frank Darabont
40%
"There Will Be Blood" Paul Thomas Anderson
37%
"Boulevard de la mort" Quentin Tarantino
35%
"Into the Wild" Sean Penn
34%
"La Cité de Dieu" Fernando Meirelles/Katia Lund
31%
"Les Fils de l'homme" Alfonso Cuarón
30%
"Les 8 Salopards" Quentin Tarantino
30%
"The Lobster" Yórgos Lánthimos
30%
"American History X" Tony Kaye
21%
"Blade" Stephen Norrington
16%
"J'ai rencontré le diable" Kim Jee-Woon
15%
"Mysterious Skin" Gregg Araki
14%
"Warrior" Gavin O'Connor
12%
Aucun quiz correspondant
Distribution des résultats
% des personnes avec chaque résultat
Percentile par nombre de réponses
Votre historique - résultats
Vous n’avez pas pris ce quiz